[Event "MITROPA Cup 2014 WOMEN Section"]
[Site "Ruzomberok SLOVAKIA"]
[Date "2014.05.28"]
[Round "6"]
[Board "1"]
[White "Dudas, Eszter"]
[Black "Kochetkova, Julia"]
[Result "0-1"]
[WhiteElo "2227"]
[BlackElo "2322"]
[PlyCount "0"]
[EventDate "2014.05.23"]
[EventType "team"]
[EventRounds "9"]
[EventCountry "SVK"]
[WhiteTeam "Hungary"]
[BlackTeam "Slovakia A"]

1. e4 {[%clk 1:30:54]} d6 {[%clk 1:30:51]} 2. d4 {[%clk 1:31:12]} Nf6
{[%clk 1:31:15]} 3. Nc3 {[%clk 1:31:30]} e5 {[%clk 1:31:34]} 4. f4
{[%clk 1:31:28]} exd4 {[%clk 1:29:39]} 5. Qxd4 {[%clk 1:31:44]} Nc6
{[%clk 1:29:28]} 6. Bb5 {[%clk 1:32:02]} Bd7 {[%clk 1:27:01]} 7. Qf2
{[%clk 1:31:49]} a6 {[%clk 1:21:41]} 8. Bd3 {[%clk 1:30:08]} Be7 {[%clk 1:21:16]}
9. Nf3 {[%clk 1:29:27]} O-O {[%clk 1:19:07]} 10. h3 {[%clk 1:22:56]} Nb4
{[%clk 1:15:02]} 11. a3 {[%clk 1:16:16]} Nxd3+ {[%clk 1:12:17]} 12. cxd3
{[%clk 1:16:38]} c5 {[%clk 1:03:45]} 13. O-O {[%clk 1:15:41]} Bc6
{[%clk 1:03:10]} 14. Be3 {[%clk 1:10:35]} d5 {[%clk 1:00:40]} 15. Bxc5
{[%clk 1:05:33]} Bxc5 {[%clk 0:54:56]} 16. Qxc5 {[%clk 1:04:58]} dxe4
{[%clk 0:55:22]} 17. dxe4 {[%clk 1:04:54]} Nxe4 {[%clk 0:55:06]} 18. Nxe4
{[%clk 1:04:30]} Bxe4 {[%clk 0:55:34]} 19. Rad1 {[%clk 0:58:01]} Qf6
{[%clk 0:52:14]} 20. Qe5 {[%clk 0:54:19]} Qxe5 {[%clk 0:44:12]} 21. Nxe5
{[%clk 0:54:39]} Rfd8 {[%clk 0:42:24]} 22. Rfe1 {[%clk 0:47:26]} Bd5
{[%clk 0:39:43]} 23. Kf2 {[%clk 0:42:54]} f6 {[%clk 0:37:31]} 24. Nf3
{[%clk 0:42:07]} Rd7 {[%clk 0:27:51]} 25. Rd2 {[%clk 0:35:45]} Rad8
{[%clk 0:27:28]} 26. Red1 {[%clk 0:25:42]} Kf7 {[%clk 0:27:36]} 27. Rd4
{[%clk 0:25:04]} Bc6 {[%clk 0:24:40]} 28. Rxd7+ {[%clk 0:24:44]} Rxd7
{[%clk 0:25:09]} 29. Rxd7+ {[%clk 0:24:23]} Bxd7 {[%clk 0:25:37]} 30. Nd4
{[%clk 0:24:43]} Ke7 {[%clk 0:25:47]} 31. Ke3 {[%clk 0:24:26]} Kd6
{[%clk 0:24:56]} 32. h4 {[%clk 0:23:50]} Kd5 {[%clk 0:22:58]} 33. b3
{[%clk 0:22:38]} Bg4 {[%clk 0:13:00]} 34. g3 {[%clk 0:17:14]} Bd1
{[%clk 0:08:08]} 35. Kd3 {[%clk 0:17:05]} Bg4 {[%clk 0:05:48]} 36. Ke3
{[%clk 0:17:27]} b5 {[%clk 0:05:57]} 37. Kd3 {[%clk 0:12:15]} Bd7
{[%clk 0:04:52]} 38. Ne2 {[%clk 0:10:47]} Bf5+ {[%clk 0:04:09]} 39. Ke3
{[%clk 0:11:06]} a5 {[%clk 0:02:03]} 40. Nd4 {[%clk 0:09:09]} Bd7
{[%clk 0:02:28]} 41. Ne2 {[%clk 0:25:03]} Kc5 {[%clk 0:24:08]} 42. Nc3
{[%clk 0:11:54]} Bc6 {[%clk 0:23:32]} 43. Kd3 {[%clk 0:06:39]} Bg2
{[%clk 0:16:01]} 44. Nd1 {[%clk 0:05:37]} Bd5 {[%clk 0:16:02]} 45. Nc3
{[%clk 0:03:47]} Bxb3 {[%clk 0:15:54]} 46. Ne4+ {[%clk 0:04:15]} Kc6
{[%clk 0:15:56]} 47. Kd4 {[%clk 0:04:37]} Bd5 {[%clk 0:14:44]} 48. Nc5
{[%clk 0:04:19]} Kd6 {[%clk 0:12:52]} 49. Nd3 {[%clk 0:04:31]} h5
{[%clk 0:11:14]} 50. f5 {[%clk 0:02:54]} Bf7 {[%clk 0:08:09]} 51. Nf4
{[%clk 0:01:49]} b4 {[%clk 0:07:54]} 52. axb4 {[%clk 0:02:14]} axb4
{[%clk 0:08:23]} 53. Nd3 {[%clk 0:02:16]} b3 {[%clk 0:08:42]} 54. Ke4
{[%clk 0:02:27]} Bc4 {[%clk 0:08:21]} 55. Nb2 {[%clk 0:02:54]} Kc5
{[%clk 0:08:35]} 56. Ke3 {[%clk 0:02:51]} Kd5 {[%clk 0:08:48]} 57. Kf4
{[%clk 0:02:48]} Kd4 {[%clk 0:08:44]} 58. g4 {[%clk 0:03:11]} hxg4
{[%clk 0:09:01]} 59. Kxg4 {[%clk 0:03:38]} Be2+ {[%clk 0:09:26]} 60. Kf4
{[%clk 0:03:41]} Kc3 {[%clk 0:09:55]} 0-1

[Event "MITROPA Cup 2014 WOMEN Section"]
[Site "Ruzomberok SLOVAKIA"]
[Date "2014.05.28"]
[Round "6"]
[Board "2"]
[White "Gazikova, Veronika"]
[Black "Varga, Melinda"]
[Result "0-1"]
[WhiteElo "2144"]
[BlackElo "2163"]
[PlyCount "0"]
[EventDate "2014.05.23"]
[EventType "team"]
[EventRounds "9"]
[EventCountry "SVK"]
[WhiteTeam "Slovakia A"]
[BlackTeam "Hungary"]

1. e4 {[%clk 1:30:31]} c6 {[%clk 1:30:55]} 2. d4 {[%clk 1:30:04]} d5
{[%clk 1:31:21]} 3. exd5 {[%clk 1:30:30]} cxd5 {[%clk 1:31:47]} 4. c4
{[%clk 1:30:53]} Nf6 {[%clk 1:32:10]} 5. Nc3 {[%clk 1:31:16]} g6 {[%clk 1:32:31]}
6. cxd5 {[%clk 1:31:39]} Nxd5 {[%clk 1:31:52]} 7. Qb3 {[%clk 1:30:58]} Nb6
{[%clk 1:31:19]} 8. Bb5+ {[%clk 1:30:32]} Bd7 {[%clk 1:28:47]} 9. Nf3
{[%clk 1:22:43]} Bg7 {[%clk 1:27:27]} 10. Ne5 {[%clk 1:18:48]} O-O
{[%clk 1:26:32]} 11. Nxd7 {[%clk 1:16:12]} N8xd7 {[%clk 1:24:14]} 12. Be3
{[%clk 1:14:06]} Nf6 {[%clk 1:23:49]} 13. O-O {[%clk 1:14:12]} Qd6
{[%clk 1:21:24]} 14. f3 {[%clk 1:13:14]} a6 {[%clk 1:17:43]} 15. Be2
{[%clk 1:13:09]} Nbd5 {[%clk 1:17:11]} 16. Bf2 {[%clk 1:10:16]} Bh6
{[%clk 1:14:07]} 17. Bc4 {[%clk 1:08:39]} Ne3 {[%clk 1:01:07]} 18. Ne4
{[%clk 1:03:02]} Qxd4 {[%clk 0:47:47]} 19. Nxf6+ {[%clk 1:01:22]} exf6
{[%clk 0:48:10]} 20. Bxe3 {[%clk 1:01:38]} Bxe3+ {[%clk 0:36:55]} 21. Kh1
{[%clk 0:59:44]} Rac8 {[%clk 0:36:24]} 22. Bd5 {[%clk 0:58:27]} Rc5
{[%clk 0:35:36]} 23. Be4 {[%clk 0:51:15]} Rh5 {[%clk 0:24:10]} 24. Qc3
{[%clk 0:30:46]} Qd6 {[%clk 0:23:52]} 25. h3 {[%clk 0:31:07]} Qf4
{[%clk 0:22:52]} 26. Rad1 {[%clk 0:31:20]} Ba7 {[%clk 0:21:23]} 27. Qd2
{[%clk 0:31:33]} Qg3 {[%clk 0:21:00]} 28. Qd6 {[%clk 0:22:40]} Re5
{[%clk 0:19:15]} 29. Qd3 {[%clk 0:19:20]} Qf4 {[%clk 0:14:39]} 30. Qd2
{[%clk 0:12:09]} Be3 {[%clk 0:15:05]} 31. Qd3 {[%clk 0:12:26]} b5
{[%clk 0:12:13]} 32. Rfe1 {[%clk 0:11:04]} Ba7 {[%clk 0:12:37]} 33. Qd2
{[%clk 0:11:10]} Qg3 {[%clk 0:12:18]} 34. f4 {[%clk 0:10:41]} Rh5
{[%clk 0:12:21]} 35. Rf1 {[%clk 0:06:26]} Be3 {[%clk 0:12:25]} 36. Rf3
{[%clk 0:06:51]} Qxf3 {[%clk 0:09:27]} 37. Bxf3 {[%clk 0:07:14]} Bxd2
{[%clk 0:09:56]} 38. Bxh5 {[%clk 0:07:36]} Bxf4 {[%clk 0:10:19]} 39. Bf3
{[%clk 0:07:58]} Rc8 {[%clk 0:08:33]} 40. Bb7 {[%clk 0:07:04]} Rc2
{[%clk 0:08:37]} 41. Bxa6 {[%clk 0:07:28]} Rxb2 {[%clk 0:08:57]} 42. Kg1
{[%clk 0:07:16]} Kf8 {[%clk 0:07:44]} 43. Rd5 {[%clk 0:04:59]} Be3+
{[%clk 0:05:43]} 44. Kh2 {[%clk 0:05:05]} Bf4+ {[%clk 0:05:55]} 45. Kg1
{[%clk 0:05:29]} b4 {[%clk 0:28:06]} 46. Bc4 {[%clk 0:35:28]} Bg3
{[%clk 0:27:51]} 47. Bb3 {[%clk 0:35:32]} Re2 {[%clk 0:26:39]} 48. Rd1
{[%clk 0:35:37]} f5 {[%clk 0:25:18]} 49. Bc4 {[%clk 0:33:52]} Re3
{[%clk 0:24:23]} 50. Rb1 {[%clk 0:33:35]} Bd6 {[%clk 0:23:44]} 51. Kf1
{[%clk 0:31:58]} Bc5 {[%clk 0:23:43]} 52. Re1 {[%clk 0:31:55]} Re4
{[%clk 0:18:55]} 53. Rxe4 {[%clk 0:30:51]} fxe4 {[%clk 0:19:22]} 54. g4
{[%clk 0:30:05]} Ke7 {[%clk 0:18:20]} 55. g5 {[%clk 0:22:03]} Be3
{[%clk 0:18:20]} 56. Bd5 {[%clk 0:21:23]} Bxg5 {[%clk 0:18:43]} 57. Bxe4
{[%clk 0:21:49]} Kd6 {[%clk 0:18:53]} 58. Kg2 {[%clk 0:22:01]} Ke5
{[%clk 0:19:16]} 59. Bc2 {[%clk 0:22:03]} Be7 {[%clk 0:19:08]} 60. Bb3
{[%clk 0:21:55]} f5 {[%clk 0:19:12]} 61. Bg8 {[%clk 0:22:01]} h6 {[%clk 0:18:55]}
62. Bf7 {[%clk 0:22:11]} Kf6 {[%clk 0:19:21]} 63. Be8 {[%clk 0:22:35]} g5
{[%clk 0:16:58]} 64. Kf3 {[%clk 0:22:29]} Bd6 {[%clk 0:17:23]} 65. Bh5
{[%clk 0:22:40]} g4+ {[%clk 0:17:31]} 66. hxg4 {[%clk 0:22:00]} Kg5
{[%clk 0:17:49]} 67. Be8 {[%clk 0:22:17]} fxg4+ {[%clk 0:18:17]} 68. Kg2
{[%clk 0:22:39]} h5 {[%clk 0:18:42]} 69. Bd7 {[%clk 0:22:57]} h4 {[%clk 0:19:07]}
70. Bc8 {[%clk 0:23:06]} h3+ {[%clk 0:19:08]} 71. Kg1 {[%clk 0:23:22]} Kh4
{[%clk 0:19:32]} 72. Bd7 {[%clk 0:23:37]} g3 {[%clk 0:19:47]} 73. Bc6
{[%clk 0:23:49]} Bc5+ {[%clk 0:19:21]} 74. Kf1 {[%clk 0:24:05]} g2+
{[%clk 0:19:25]} 0-1

[Event "MITROPA Cup 2014 WOMEN Section"]
[Site "Ruzomberok SLOVAKIA"]
[Date "2014.05.28"]
[Round "6"]
[Board "1"]
[White "Exler, Veronika"]
[Black "Marikova, Jana"]
[Result "1-0"]
[WhiteElo "2156"]
[BlackElo "2094"]
[PlyCount "0"]
[EventDate "2014.05.23"]
[EventType "team"]
[EventRounds "9"]
[EventCountry "SVK"]
[WhiteTeam "Austria"]
[BlackTeam "Czech republic B"]

1. d4 {[%clk 1:30:59]} Nf6 {[%clk 1:30:53]} 2. c4 {[%clk 1:31:25]} g6
{[%clk 1:31:16]} 3. Nf3 {[%clk 1:31:51]} Bg7 {[%clk 1:31:40]} 4. g3
{[%clk 1:32:17]} O-O {[%clk 1:32:02]} 5. Bg2 {[%clk 1:32:45]} d6 {[%clk 1:32:23]}
6. O-O {[%clk 1:33:09]} Nbd7 {[%clk 1:32:48]} 7. Nc3 {[%clk 1:33:20]} e5
{[%clk 1:33:00]} 8. e4 {[%clk 1:33:39]} exd4 {[%clk 1:33:25]} 9. Nxd4
{[%clk 1:34:03]} Re8 {[%clk 1:33:48]} 10. Re1 {[%clk 1:34:01]} a6
{[%clk 1:33:16]} 11. h3 {[%clk 1:29:40]} Rb8 {[%clk 1:33:28]} 12. Be3
{[%clk 1:28:34]} Ne5 {[%clk 1:29:00]} 13. b3 {[%clk 1:21:11]} c5 {[%clk 1:25:23]}
14. Nde2 {[%clk 1:20:12]} Qc7 {[%clk 1:19:11]} 15. f4 {[%clk 1:08:47]} Nc6
{[%clk 1:18:34]} 16. Rc1 {[%clk 1:06:02]} b5 {[%clk 1:08:52]} 17. Nd5
{[%clk 0:39:56]} Nxd5 {[%clk 1:07:34]} 18. cxd5 {[%clk 0:40:21]} Na5
{[%clk 1:00:44]} 19. e5 {[%clk 0:27:53]} Nb7 {[%clk 0:55:58]} 20. Nd4
{[%clk 0:13:47]} Bd7 {[%clk 0:44:11]} 21. e6 {[%clk 0:11:42]} fxe6
{[%clk 0:38:23]} 22. Nxe6 {[%clk 0:12:11]} Bxe6 {[%clk 0:38:15]} 23. dxe6
{[%clk 0:12:40]} Nd8 {[%clk 0:37:29]} 24. Bd5 {[%clk 0:11:28]} Nc6
{[%clk 0:33:01]} 25. g4 {[%clk 0:07:23]} Ne7 {[%clk 0:29:45]} 26. Rf1
{[%clk 0:07:03]} Rf8 {[%clk 0:22:12]} 27. Qd3 {[%clk 0:06:55]} Bh6
{[%clk 0:20:56]} 28. Rce1 {[%clk 0:06:38]} Rbc8 {[%clk 0:13:30]} 29. Kh1
{[%clk 0:03:38]} c4 {[%clk 0:13:36]} 30. bxc4 {[%clk 0:04:02]} bxc4
{[%clk 0:14:01]} 31. Qe4 {[%clk 0:04:05]} Qa5 {[%clk 0:12:50]} 32. Rd1
{[%clk 0:02:32]} c3 {[%clk 0:11:19]} 33. Bb3 {[%clk 0:02:31]} Rcd8
{[%clk 0:10:06]} 34. Bd4 {[%clk 0:02:05]} Qc7 {[%clk 0:07:51]} 35. f5
{[%clk 0:01:28]} d5 {[%clk 0:07:30]} 36. Qd3 {[%clk 0:01:41]} Nc6
{[%clk 0:03:58]} 37. Qxc3 {[%clk 0:00:57]} Rfe8 {[%clk 0:02:35]} 38. Bf6
{[%clk 0:00:45]} 1-0

[Event "MITROPA Cup 2014 WOMEN Section"]
[Site "Ruzomberok SLOVAKIA"]
[Date "2014.05.28"]
[Round "6"]
[Board "2"]
[White "Miturova, Magdalena"]
[Black "Hapala, Lisa"]
[Result "1/2-1/2"]
[WhiteElo "2060"]
[BlackElo "2062"]
[PlyCount "0"]
[EventDate "2014.05.23"]
[EventType "team"]
[EventRounds "9"]
[EventCountry "SVK"]
[WhiteTeam "Czech republic B"]
[BlackTeam "Austria"]

1. e4 {[%clk 1:30:57]} e5 {[%clk 1:30:55]} 2. Nf3 {[%clk 1:31:21]} Nc6
{[%clk 1:31:22]} 3. Bb5 {[%clk 1:31:44]} a6 {[%clk 1:31:48]} 4. Ba4
{[%clk 1:32:08]} Nf6 {[%clk 1:32:14]} 5. O-O {[%clk 1:32:28]} Be7
{[%clk 1:32:41]} 6. Re1 {[%clk 1:32:51]} b5 {[%clk 1:33:06]} 7. Bb3
{[%clk 1:33:16]} d6 {[%clk 1:33:11]} 8. c3 {[%clk 1:33:38]} O-O {[%clk 1:33:36]}
9. d4 {[%clk 1:34:02]} Bg4 {[%clk 1:33:26]} 10. d5 {[%clk 1:34:24]} Na5
{[%clk 1:33:39]} 11. Bc2 {[%clk 1:34:45]} c6 {[%clk 1:33:27]} 12. h3
{[%clk 1:34:57]} Bc8 {[%clk 1:27:26]} 13. dxc6 {[%clk 1:34:41]} Qc7
{[%clk 1:27:40]} 14. Nbd2 {[%clk 1:32:05]} Qxc6 {[%clk 1:27:23]} 15. a4
{[%clk 1:29:55]} Nc4 {[%clk 1:25:28]} 16. Nf1 {[%clk 1:27:57]} Bb7
{[%clk 1:21:41]} 17. b3 {[%clk 1:02:04]} Nb6 {[%clk 1:20:06]} 18. axb5
{[%clk 1:01:39]} axb5 {[%clk 1:17:40]} 19. Rxa8 {[%clk 1:02:00]} Rxa8
{[%clk 1:07:46]} 20. Bd2 {[%clk 1:02:19]} Nbd7 {[%clk 1:05:57]} 21. Ne3
{[%clk 0:53:28]} g6 {[%clk 0:54:42]} 22. c4 {[%clk 0:53:27]} bxc4
{[%clk 0:50:44]} 23. Nxc4 {[%clk 0:51:02]} Qc7 {[%clk 0:36:38]} 24. Bg5
{[%clk 0:46:48]} Rd8 {[%clk 0:35:26]} 25. Ne3 {[%clk 0:37:42]} Nb6
{[%clk 0:32:51]} 26. Qb1 {[%clk 0:31:29]} Nh5 {[%clk 0:25:19]} 27. Bh6
{[%clk 0:30:28]} Bf8 {[%clk 0:23:02]} 28. Bxf8 {[%clk 0:29:55]} Rxf8
{[%clk 0:23:17]} 29. b4 {[%clk 0:23:21]} Nf4 {[%clk 0:20:54]} 30. Bb3
{[%clk 0:22:47]} Kg7 {[%clk 0:17:46]} 31. Nd2 {[%clk 0:12:18]} Qc3
{[%clk 0:11:45]} 32. Ndc4 {[%clk 0:05:55]} Qxb4 {[%clk 0:11:27]} 33. Nxb6
{[%clk 0:03:51]} Qxb6 {[%clk 0:11:50]} 34. Qd1 {[%clk 0:02:30]} Bxe4
{[%clk 0:06:51]} 35. Nc4 {[%clk 0:02:48]} Qc6 {[%clk 0:06:58]} 36. Qxd6
{[%clk 0:01:45]} Qxd6 {[%clk 0:05:32]} 37. Nxd6 {[%clk 0:02:08]} Bxg2
{[%clk 0:05:56]} 38. Rxe5 {[%clk 0:01:50]} Rb8 {[%clk 0:02:53]} 39. Re3
{[%clk 0:01:06]} Bxh3 {[%clk 0:02:53]} 40. Bxf7 {[%clk 0:00:39]} Rd8
{[%clk 0:01:39]} 41. Ne4 {[%clk 0:29:36]} h6 {[%clk 0:18:37]} 42. Bb3
{[%clk 0:29:20]} g5 {[%clk 0:18:41]} 43. Kh2 {[%clk 0:26:35]} Bf5
{[%clk 0:15:45]} 44. Ng3 {[%clk 0:24:54]} Bg6 {[%clk 0:16:11]} 45. Ne2
{[%clk 0:25:05]} Nxe2 {[%clk 0:04:43]} 46. Rxe2 {[%clk 0:25:27]} Rd7
{[%clk 0:04:54]} 47. Ba4 {[%clk 0:19:22]} Ra7 {[%clk 0:04:59]} 48. Be8
{[%clk 0:18:47]} Bf5 {[%clk 0:05:08]} 49. f3 {[%clk 0:17:36]} Kf6
{[%clk 0:05:27]} 50. Kg3 {[%clk 0:16:14]} Re7 {[%clk 0:03:58]} 51. Rxe7
{[%clk 0:16:37]} Kxe7 {[%clk 0:04:27]} 52. Bh5 {[%clk 0:16:55]} Kf6
{[%clk 0:00:46]} 53. f4 {[%clk 0:17:18]} 1/2-1/2

[Event "MITROPA Cup 2014 WOMEN Section"]
[Site "Ruzomberok SLOVAKIA"]
[Date "2014.05.29"]
[Round "7"]
[Board "1"]
[White "Marikova, Jana"]
[Black "Wozniak, Mariola"]
[Result "1-0"]
[WhiteElo "2094"]
[BlackElo "2092"]
[PlyCount "0"]
[EventDate "2014.05.23"]
[EventType "team"]
[EventRounds "9"]
[EventCountry "SVK"]
[WhiteTeam "Czech republic B"]
[BlackTeam "Poland"]

1. Nf3 {[%clk 1:30:58]} Nf6 {[%clk 1:30:42]} 2. c4 {[%clk 1:31:22]} d6
{[%clk 1:19:44]} 3. d4 {[%clk 1:31:10]} Nbd7 {[%clk 1:19:58]} 4. Nc3
{[%clk 1:30:56]} e5 {[%clk 1:17:34]} 5. e4 {[%clk 1:30:26]} c6 {[%clk 1:16:30]}
6. Be2 {[%clk 1:30:37]} Be7 {[%clk 1:16:50]} 7. O-O {[%clk 1:30:57]} O-O
{[%clk 1:16:59]} 8. Re1 {[%clk 1:29:44]} Re8 {[%clk 1:16:16]} 9. Bf1
{[%clk 1:27:40]} Qc7 {[%clk 1:05:21]} 10. h3 {[%clk 1:24:44]} a6 {[%clk 0:57:59]}
11. a4 {[%clk 1:21:43]} a5 {[%clk 0:55:15]} 12. Be3 {[%clk 1:18:08]} Bf8
{[%clk 0:46:24]} 13. Qc2 {[%clk 1:13:09]} b6 {[%clk 0:38:45]} 14. Rad1
{[%clk 1:07:53]} Bb7 {[%clk 0:37:54]} 15. d5 {[%clk 0:55:28]} c5 {[%clk 0:33:05]}
16. Nh2 {[%clk 0:48:22]} Bc8 {[%clk 0:26:08]} 17. g3 {[%clk 0:44:13]} Qd8
{[%clk 0:22:31]} 18. f4 {[%clk 0:41:45]} exf4 {[%clk 0:17:01]} 19. gxf4
{[%clk 0:40:50]} Nh5 {[%clk 0:13:17]} 20. Qg2 {[%clk 0:34:51]} g6
{[%clk 0:11:14]} 21. Be2 {[%clk 0:32:27]} Bg7 {[%clk 0:08:00]} 22. Bxh5
{[%clk 0:29:32]} gxh5 {[%clk 0:08:28]} 23. Kh1 {[%clk 0:27:57]} Kh8
{[%clk 0:08:16]} 24. Nf3 {[%clk 0:26:40]} Rg8 {[%clk 0:05:40]} 25. Ng5
{[%clk 0:25:30]} Qe7 {[%clk 0:03:42]} 26. Qe2 {[%clk 0:22:47]} Nf6
{[%clk 0:03:11]} 27. e5 {[%clk 0:22:04]} dxe5 {[%clk 0:03:32]} 28. fxe5
{[%clk 0:22:19]} Ng4 {[%clk 0:01:56]} 29. hxg4 {[%clk 0:21:50]} Bxg4
{[%clk 0:00:44]} 30. Qd3 {[%clk 0:20:47]} f5 {[%clk 0:00:49]} 31. exf6
{[%clk 0:20:16]} Bxf6 {[%clk 0:01:17]} 32. Bd4 {[%clk 0:19:45]} 1-0

[Event "MITROPA Cup 2014 WOMEN Section"]
[Site "Ruzomberok SLOVAKIA"]
[Date "2014.05.29"]
[Round "7"]
[Board "2"]
[White "Kiolbasa, Oliwia"]
[Black "Miturova, Magdalena"]
[Result "1-0"]
[WhiteElo "2015"]
[BlackElo "2060"]
[PlyCount "0"]
[EventDate "2014.05.23"]
[EventType "team"]
[EventRounds "9"]
[EventCountry "SVK"]
[WhiteTeam "Poland"]
[BlackTeam "Czech republic B"]

1. e4 {[%clk 1:30:56]} c5 {[%clk 1:30:53]} 2. Nf3 {[%clk 1:31:13]} Nc6
{[%clk 1:31:18]} 3. d4 {[%clk 1:31:21]} cxd4 {[%clk 1:31:42]} 4. Nxd4
{[%clk 1:31:44]} e5 {[%clk 1:32:03]} 5. Nb5 {[%clk 1:31:42]} a6 {[%clk 1:32:24]}
6. Nd6+ {[%clk 1:31:37]} Bxd6 {[%clk 1:32:45]} 7. Qxd6 {[%clk 1:32:00]} Qf6
{[%clk 1:33:07]} 8. Qd2 {[%clk 1:17:50]} Qg6 {[%clk 1:26:07]} 9. Nc3
{[%clk 1:15:38]} Nge7 {[%clk 1:02:29]} 10. f3 {[%clk 1:08:40]} O-O
{[%clk 0:56:43]} 11. Bc4 {[%clk 1:02:34]} b5 {[%clk 0:53:01]} 12. Bb3
{[%clk 1:01:05]} Bb7 {[%clk 0:50:20]} 13. Nd5 {[%clk 0:59:15]} Rad8
{[%clk 0:50:29]} 14. O-O {[%clk 0:55:41]} h6 {[%clk 0:47:04]} 15. Qf2
{[%clk 0:44:55]} Kh8 {[%clk 0:45:51]} 16. Qb6 {[%clk 0:43:39]} Bc8
{[%clk 0:43:31]} 17. Nxe7 {[%clk 0:37:09]} Nxe7 {[%clk 0:43:53]} 18. Qxg6
{[%clk 0:37:31]} fxg6 {[%clk 0:40:43]} 19. Be3 {[%clk 0:36:41]} Rf6
{[%clk 0:41:00]} 20. Rfd1 {[%clk 0:34:05]} g5 {[%clk 0:40:50]} 21. a4
{[%clk 0:30:08]} bxa4 {[%clk 0:35:28]} 22. Bxa4 {[%clk 0:30:03]} Ng6
{[%clk 0:29:38]} 23. Rd2 {[%clk 0:27:41]} Nf4 {[%clk 0:20:16]} 24. Rad1
{[%clk 0:26:44]} g4 {[%clk 0:20:32]} 25. Bxd7 {[%clk 0:20:13]} Bxd7
{[%clk 0:17:58]} 26. Rxd7 {[%clk 0:20:27]} Rxd7 {[%clk 0:18:23]} 27. Rxd7
{[%clk 0:20:49]} gxf3 {[%clk 0:18:46]} 28. gxf3 {[%clk 0:20:41]} Ng6
{[%clk 0:19:01]} 29. Kf2 {[%clk 0:05:19]} Nh4 {[%clk 0:19:06]} 30. f4
{[%clk 0:05:33]} exf4 {[%clk 0:16:58]} 31. Bd4 {[%clk 0:06:01]} Rg6
{[%clk 0:17:13]} 32. Be5 {[%clk 0:04:55]} Rg2+ {[%clk 0:13:51]} 33. Kf1
{[%clk 0:05:16]} f3 {[%clk 0:13:35]} 34. c4 {[%clk 0:02:43]} Ng6 {[%clk 0:08:10]}
35. Bxg7+ {[%clk 0:02:02]} Kg8 {[%clk 0:08:26]} 36. Bxh6 {[%clk 0:01:54]} Ne5
{[%clk 0:08:31]} 37. Rd2 {[%clk 0:01:01]} Nxc4 {[%clk 0:03:29]} 38. Rxg2+
{[%clk 0:00:56]} fxg2+ {[%clk 0:03:53]} 39. Kxg2 {[%clk 0:01:24]} Nxb2
{[%clk 0:04:13]} 40. Kf3 {[%clk 0:01:31]} Nc4 {[%clk 0:04:06]} 41. Ke2
{[%clk 0:01:12]} Ne5 {[%clk 0:26:01]} 42. Bf4 {[%clk 0:30:41]} Nd7
{[%clk 0:26:11]} 43. Ke3 {[%clk 0:29:31]} Kf7 {[%clk 0:26:20]} 44. Kd4
{[%clk 0:28:29]} Ke6 {[%clk 0:25:13]} 45. h4 {[%clk 0:26:39]} Nf6
{[%clk 0:18:07]} 46. Bg5 {[%clk 0:25:09]} Nh5 {[%clk 0:17:59]} 47. Bd8
{[%clk 0:24:42]} Kd7 {[%clk 0:17:18]} 48. Ba5 {[%clk 0:24:45]} Ke6
{[%clk 0:17:39]} 49. Bc3 {[%clk 0:21:03]} Nf4 {[%clk 0:16:21]} 50. Bd2
{[%clk 0:21:23]} Nh5 {[%clk 0:14:22]} 51. Ke3 {[%clk 0:20:38]} Kf6
{[%clk 0:13:23]} 52. Kf3 {[%clk 0:19:46]} Kg6 {[%clk 0:10:26]} 53. Bc3
{[%clk 0:19:50]} Kh6 {[%clk 0:09:37]} 54. Ke3 {[%clk 0:17:26]} Kg6
{[%clk 0:09:54]} 55. Kd4 {[%clk 0:17:24]} Ng3 {[%clk 0:08:34]} 56. Be1
{[%clk 0:12:30]} Nh5 {[%clk 0:07:29]} 57. Bc3 {[%clk 0:10:21]} Nf4
{[%clk 0:04:48]} 58. Be1 {[%clk 0:10:34]} Ng2 {[%clk 0:02:01]} 59. Bg3
{[%clk 0:10:27]} a5 {[%clk 0:02:25]} 60. Kc4 {[%clk 0:05:23]} Kh5
{[%clk 0:01:46]} 61. e5 {[%clk 0:03:47]} Ne3+ {[%clk 0:01:05]} 62. Kb5
{[%clk 0:02:01]} Kg4 {[%clk 0:00:39]} 63. Bf2 {[%clk 0:01:37]} Nd5
{[%clk 0:00:41]} 64. Kc5 {[%clk 0:01:00]} Nf4 {[%clk 0:01:01]} 65. Kd6
{[%clk 0:00:57]} Kf5 {[%clk 0:01:24]} 66. Be3 {[%clk 0:01:02]} Ne6
{[%clk 0:00:48]} 67. h5 {[%clk 0:01:04]} a4 {[%clk 0:01:03]} 68. h6
{[%clk 0:01:08]} Nf8 {[%clk 0:01:26]} 69. e6 {[%clk 0:00:48]} Nxe6
{[%clk 0:00:46]} 70. h7 {[%clk 0:01:05]} Nd8 {[%clk 0:00:59]} 71. Ke7
{[%clk 0:01:19]} 1-0